000
00170nam a22000857a 4500
082
_a
823
100
_a
SINGER, KURT
245
_a
THE SECOND TARGET BOOK OF HORROR
942
_c
BK
999
_c
8105
_d
8105